Captain America and the Mighty Avengers. #2, Last ... Read More
Available copies
- 1 of 1 copy available at LARL/NWRL Consortium.
Current holds
0 current holds with 1 total copy.
Show Only Available Copies
| Location | Call Number / Copy Notes | Barcode | Shelving Location | Status | Due Date |
|---|---|---|---|---|---|
| Moorhead Public Library | Y G EWI (Text) | 33500012179537 | Main | Available | - |
Record details
- ISBN: 9780785198031
- ISBN: 0785198032
- Physical Description: 1 volume (unpaged) : chiefly color illustrations ; ... Read More
- Publisher: New York, NY : Marvel Worldwide, Inc., [2015]
- Copyright: ©2015
Content descriptions
| General Note: | "Captain America created by Joe Simon & Jack Kirby." "Contains material originally published in magazine form as Captain America & the Mighty Avengers ... Read More Captain America and the Mighty Avengers, artist, Luke Ross ; Captain Britain and the Mighty ... Read More |
| Summary, etc.: | The story of the Mighty Avengers' last day. |
| Target Audience Note: | Rated T+. |
Search for related items by subject
| Subject: | Captain America (Fictitious character) > Comic books, strips, etc. Avengers (Fictitious characters) > Comic books, strips, etc. Superheroes > Comic books, strips, etc. |
| Genre: | Graphic novels. |
Search for related items by series
| LDR | 02139cam a2200517Ii 4500 | ||
|---|---|---|---|
| 001 | 195533 | ||
| 003 | LARL_NWRL_CONSORTIUM | ||
| 005 | 20151130214003.0 | ||
| 008 | 150305t20152015nyua 6 000 1 eng d | ||
| 019 | . | ‡a907157140 | |
| 020 | . | ‡a9780785198031 | |
| 020 | . | ‡a0785198032 | |
| 035 | . | ‡a(OCoLC)904421455 ‡z(OCoLC)907157140 | |
| 082 | 0 | 4. | ‡a741.5973 ‡223 |
| 100 | 1 | . | ‡aEwing, Al, ‡eauthor. ‡0(LARL_NWRL_CONSORTIUM)221103 |
| 245 | 1 | 0. | ‡aCaptain America and the Mighty Avengers. ‡n#2, ‡pLast days / ‡cwriter, Al Ewing. |
| 246 | 3 | 0. | ‡aLast days |
| 264 | 1. | ‡aNew York, NY : ‡bMarvel Worldwide, Inc., ‡c[2015] | |
| 264 | 4. | ‡c©2015 | |
| 300 | . | ‡a1 volume (unpaged) : ‡bchiefly color illustrations ; ‡c26 cm. | |
| 336 | . | ‡atext ‡btxt ‡2rdacontent | |
| 336 | . | ‡astill image ‡bsti ‡2rdacontent | |
| 337 | . | ‡aunmediated ‡bn ‡2rdamedia | |
| 338 | . | ‡avolume ‡bnc ‡2rdacarrier | |
| 490 | 0 | . | ‡aMarvel now! |
| 490 | 0 | . | ‡aCaptain America and the mighty avengers ; ‡v2 |
| 500 | . | ‡a"Captain America created by Joe Simon & Jack Kirby." | |
| 500 | . | ‡a"Contains material originally published in magazine form as Captain America & the Mighty Avengers #8-9, Captain Britain and the Mighty Defenders #1-2, and Avengers Assemble #15AU"--Title page verso. | |
| 500 | . | ‡aCaptain America and the Mighty Avengers, artist, Luke Ross ; Captain Britain and the Mighty Defenders, penciler, Alan Davis ; Avengers Assemble, penciler, Butch Guice. | |
| 520 | . | ‡aThe story of the Mighty Avengers' last day. | |
| 521 | 8 | . | ‡aRated T+. |
| 600 | 0 | 0. | ‡aCaptain America ‡c(Fictitious character) ‡vComic books, strips, etc. |
| 650 | 0. | ‡aAvengers (Fictitious characters) ‡vComic books, strips, etc. | |
| 650 | 0. | ‡aSuperheroes ‡vComic books, strips, etc. | |
| 655 | 7. | ‡aGraphic novels. ‡2lcsh | |
| 700 | 1 | . | ‡aRoss, Luke, ‡eartist. ‡0(LARL_NWRL_CONSORTIUM)202493 |
| 700 | 1 | . | ‡aDavis, Alan, ‡d1956- ‡eartist. ‡0(LARL_NWRL_CONSORTIUM)201416 |
| 700 | 1 | . | ‡aGuice, Jackson, ‡eartist. ‡0(LARL_NWRL_CONSORTIUM)107996 |
| 901 | . | ‡a195533 ‡b ‡c195533 ‡tbiblio | |

Add to basket
Permalink
Disable Highlighting